000 00320cam a2200145ua 4500
001 3134
008 131130n II |||gr||||Z||||||asm
040 _aMAIN
041 _aEnglish
082 _a640 GRI
100 _aCO-ORDINATION COMMITTEE.
245 _aGIRHA BIGYAN
653 _aHome & family management
942 _cBK
999 _c3122
_d3122